Premeny drôtu '04 IV. trienále výstavy umelecko-remeselných a výtvarných podôb drôtu otvorené v rámci XIV. ročníka Stretnutia drotárskych majstrov : 11. 6. -1. 9. 2004 Budatínsky zámok

Bibliographic Details
Corporate Author: Premeny drôtu Žilina, Slovensko (Author)
Other Authors: Škvarnová, Monika, 1972- (Compiler, tex), Hallonová, Katarína (Compiler, tex), Kucharčíková, Anna (fot), Čelková, Mária, 1950- (fot), Kárová, Elena, 1955- (fot)
Format: Conference Proceeding Book
Language:Slovak
PhysicalDescription:31 s. fotogr. 21 cm
Published: Žilina Považské múzeum 2004
ISBN:8088877377
Edition:[1. vyd.]
Subjects:

MARC

LEADER 00000nam a2200000 a 4500
001 vtls001477603
003 SK-MaSNL
005 20260302073602.0
008 130607s2004 xo a 0 slo
015 |a SNBE2004/03-01511 
020 |a 8088877377 
035 |a SNK000432903 
040 |a SNK  |b slo  |c SNK  |e AACR2 
044 |a xo  |c SK 
072 7 |a 74  |x Kreslenie. Dizajn. Umelecké remeslá  |2 konspekt 
072 7 |a 67/68  |x Remeslá. Rôzne odvetvia priemyslu  |2 konspekt 
080 |a 745.5:672.85:061.4(083.9)  |2 2. slo 
080 |a 672.85  |2 2. slo 
080 |a 745.5-023.971  |2 1981 
080 |a 745/749  |2 1981 
080 |a (083.824)  |2 1981 
111 1 |a Premeny drôtu  |n (4. :  |d 2004 :  |c Žilina, Slovensko)  |4 aut  |9 36615 
245 1 |a Premeny drôtu '04  |b IV. trienále výstavy umelecko-remeselných a výtvarných podôb drôtu otvorené v rámci XIV. ročníka Stretnutia drotárskych majstrov : 11. 6. -1. 9. 2004 Budatínsky zámok  |c autorky textov a zostavovateľky katalógu Monika Škvarnová, Katarína Hallonová ; autori fotografií Anna Kucharčíková, Mária Čelková, Elena Kárová 
250 |a [1. vyd.] 
260 |a Žilina  |b Považské múzeum  |c 2004 
300 |a 31 s.  |b fotogr.  |c 21 cm 
500 |a 300 výt. 
504 |a Biogr. údaje 
610 0 7 |a Premeny drôtu  |b 4.  |d 2004  |x výstavy  |x katalógy  |2 SNK  |9 738190 
611 1 7 |a Premeny drôtu  |n 4.  |d 2004  |c Žilina, Slovensko  |x výstavy  |x katalógy  |2 SNK  |9 738191 
650 0 7 |a drotárstvo  |2 SNK  |9 31752 
650 0 7 |a umelecké remeslá  |2 SNK  |9 3094 
655 7 |a katalógy výstav  |2 SNK  |9 70445 
655 7 |a katalógy výstav  |2 SNK  |9 70445 
700 1 |a Škvarnová, Monika,  |d 1972-  |4 tex  |4 com  |9 213783 
700 1 |a Hallonová, Katarína  |4 tex  |4 com  |9 221765 
700 1 |a Kucharčíková, Anna  |4 fot  |9 68392 
700 1 |a Čelková, Mária,  |d 1950-  |4 fot  |9 98499 
700 1 |a Kárová, Elena,  |d 1955-  |4 fot  |9 37018 
919 |a 80-88877-37-7 
999 |c 1161445  |d 1163375 
952 |t P60, <03>, [BOOK], {603}  |a SNK  |b SNK  |y PREZ  |7 0  |p 17A0435270  |o snkOSB 14024  |i snkKSP 8587/2004  |0 0  |1 0  |4 0  |d 2004-06-30  |l 0  |r 2005-01-02 00:00:00  |w 2026-02-24 
952 |t P60, <04>, [BOOK], {604}  |a SNK  |b SNK  |y VYP  |7 0  |p 17A0435271  |o snkOSB 14024 D1  |i snkKSP 8588/2004  |0 0  |1 0  |4 0  |d 2004-06-30  |l 0  |r 2005-01-02 00:00:00  |w 2026-02-24